Význam Lyceálnej knižnice v Kežmarku z hľadiska programu spracovávania historických knižných fondov na Slovensku

Podrobná bibliografia
Hlavný autor: Bielik, Miroslav, 1949-2021 (Autor)
Médium: Článok
Jazyk:slovenčina
Fyzický popis:Res. rus., nem.
Predmet:

MARC

LEADER 00000nab a2200000 a 4500
001 vtls000251148
003 SK-MaSNL
005 20260304020841.0
008 111202c1986 xo 0 slo
015 |a SNBRA19rr/mm-uuuuu 
035 |a CL0261262 
040 |a SNKBUCL  |b slo  |c SNKBUCL  |e AACR2 
041 0 |a slo 
044 |a xo  |c SK 
080 |a 027.8(437.675)  |2 1981 
080 |a 025.2  |2 1981 
100 1 |a Bielik, Miroslav,  |d 1949-2021  |4 aut  |9 13236 
245 1 0 |a Význam Lyceálnej knižnice v Kežmarku z hľadiska programu spracovávania historických knižných fondov na Slovensku  |c Miroslav Bielik 
300 |b Res. rus., nem. 
650 0 7 |a historické knižnice  |2 snkbucl  |9 59776 
650 0 7 |a knižničné fondy  |2 snkbucl  |9 1300 
650 0 7 |a Lyceálna knižnica, Kežmarok  |2 snkbucl  |9 929919 
655 7 |a články zo zborníkov  |2 snkbucl  |9 166140 
655 7 |a články z odboru knihovníctvo  |2 snkbucl  |9 166141 
773 0 |t Historický fond Lyceálnej knižnice v Kežmarku  |d Bratislava : ERPO, 1986  |g S. 12-26 
850 |a Slovenská národná knižnica v Martine  |a MTA001 
852 |a SNK  |b KIS3GCP 
958 |a RK 
958 |a KL 
992 |a RZB 
999 |c 2601563  |d 2603493